Soberanos de Bulgaria - Estadísticas

Estadísticas generales
  • Esta prueba ha sido intentada 10 veces
  • La puntuación promedio es 16 de 58
Estadísticas de respuestas
Período Nombre del Soberano % Correcto
1331-1371 Iván Alejandro
75%
1190-1196 Iván Asen I
75%
1218-1241 Iván Asen II
75%
1257-1277 Iván Asen III
75%
1356-1396 Iván Esratsimir
75%
1330-1331 Iván Esteban
75%
1371-1395 Iván Shishman
75%
1015-1018 Iván Vladislav
75%
852-864 Boris I
63%
970-971 Boris II
63%
1918-1943 Boris III
63%
1040-1041 Pedro Deljan
50%
927-969 Pedro I
50%
1185-1190 Pedro II
50%
1196-1197 Pedro II
50%
803-814 Krum
38%
864-889 Miguel
38%
1246-1256 Miguel Asen II
38%
1323-1396 Miguel III
38%
893-927 Simeón I
38%
1943-1946 Simeón II
38%
701-721 Tervel
38%
1879-1886 Alejandro I
25%
1072 Constantino
25%
1397-1422 Constantino II
25%
971-997 Román
25%
997-1014 Samuel
25%
889-893 Vladimir
25%
681-701 Asparukh
13%
1887-1908 Fernando I
13%
1908-1918 Fernando I
13%
1277-1280 Ivailo
13%
1321-1322 Jorge Terte II
13%
1280-1292 Jorge Terter I
13%
1197-1207 Kaloján
13%
831-836 Malamir
13%
814-831 Omurtag
13%
836-852 Presian I
13%
1018 Presian II
13%
738-753 Sevar
13%
1207-1218 Boril
0%
1299-1300 Chaka
0%
1014-1015 Gabriel Radomir
0%
1241-1246 Kalimán Asen I
0%
1256 Kalimán Asen II
0%
777-803 Kardam
0%
721-738 Kormesij
0%
753-756 Kormisosh
0%
1256-1257 Mitso Asen
0%
767-768 Pagan
0%
765-766 Sabin
0%
1292-1298 Smilets
0%
768-777 Telerig
0%
762-765 Telets
0%
1300-1321 Teodoro
0%
766-767 Toktu
0%
766 Umor
0%
756-762 Vinekh
0%
No se encontraron pruebas coincidentes
Distribución de puntuación
Porcentaje de gente con cada puntuación
Porcentaje por número respondido
Historial de tus puntuaciones
No has intentado esta prueba.